The Wheel of Time Chain - Statistics

General Stats
  • This quiz has been taken 64 times
    44 since last reset
  • The average score is 8 of 28
Answer Stats
Hint Answer % Correct
The largest Ajah in the White Tower Red
100%
Rand's last name al'Thor
79%
The Prince of the Ravens Mat
73%
An Aes Sedai of the Yellow Ajah from the Two Rivers Nynaeve
73%
One of the Borderlands Arafel
61%
The clan chief of the Taardad Rhuarc
61%
The largest nation in the Westlands Andor
58%
An Amyrlin Seat raised from the Blue (two names) Siuan Sanche
52%
A city-state in the Westlands Far Madding
48%
The capital of Murandy Lugard
45%
Elayne's father Taringail
42%
A form of Shadowspawn Gholam
33%
Rand's mother Kari
33%
The Aes Sedai Mesaana was impersonating Danelle
24%
A forest north of Tear Haddon Mirk
18%
One of the clans of the Aiel Daryne
6%
One of the Ten Nations bordering the Spine of the World Essenia
6%
Asha'man killed by Demandred in the Last Battle Einar
3%
She killed Marillin Gemalphin's cats Eldrith
3%
A former Youngling killed by Bloodknives Celark
0%
The mother of the above Elnore
0%
A Sitter for the Gray Ajah Evanellein
0%
An Aes Sedai of the Blue and Black Ajahs Ispan
0%
Ethenielle's grandson (two names) Kaisel Noramaga
0%
An Aes Sedai of the Yellow and Black Ajahs Larissa
0%
An Asha'man bonded to Nelavaire Demasiellin Naeff
0%
One of Andor's noble Houses Norwelyn
0%
A man searching Moiraine's financial status (two names) Ries Gorthanes
0%
No matching quizzes found
Score Distribution
Percent of People with Each Score
Percentile by Number Answered
Your Score History
You have not taken this quiz since the last reset